Fathers of nations / (Record no. 32349)

000 -LEADER
fixed length control field 00971nam a22002297a 4500
008 - FIXED-LENGTH DATA ELEMENTS--GENERAL INFORMATION
fixed length control field 260122b |||||||| |||| 00| 0 eng d
020 ## - INTERNATIONAL STANDARD BOOK NUMBER
International Standard Book Number 9780195749618
040 ## - CATALOGING SOURCE
Original cataloging agency MksU
Language of cataloging eng
Description conventions rda
050 ## - LIBRARY OF CONGRESS CALL NUMBER
Classification number PR9387.9 .V58
Item number F38 2021
100 ## - MAIN ENTRY--PERSONAL NAME
Personal name Vitta, Paul B.
245 ## - TITLE STATEMENT
Title Fathers of nations /
Statement of responsibility, etc. Paul B. Vitta.
250 ## - EDITION STATEMENT
Edition statement School edition.
260 ## - PUBLICATION, DISTRIBUTION, ETC. (IMPRINT)
Place of publication, distribution, etc. Nairobi :
Name of publisher, distributor, etc. Oxford University Press East Africa,
Date of publication, distribution, etc. 2021
300 ## - PHYSICAL DESCRIPTION
Extent vi, 185 pages ;
Dimensions 18 cm
500 ## - GENERAL NOTE
General note Approved by the Kenya Institute of Curriculum Development (KICD) for use as a Literature in English set book in secondary schools.
521 ## - TARGET AUDIENCE NOTE
Target audience note Recommended for secondary school students.
526 ## - STUDY PROGRAM INFORMATION NOTE
Program name Approved by the Kenya Institute of Curriculum Development (KICD) for use as a Literature in English set book in secondary schools.
650 ## - SUBJECT ADDED ENTRY--TOPICAL TERM
Topical term or geographic name as entry element African fiction.
650 ## - SUBJECT ADDED ENTRY--TOPICAL TERM
Topical term or geographic name as entry element a Satirical fiction.
651 ## - SUBJECT ADDED ENTRY--GEOGRAPHIC NAME
Geographic name Africa
Form subdivision Fiction.
942 ## - ADDED ENTRY ELEMENTS (KOHA)
Source of classification or shelving scheme
Koha item type Africana (Books)
Classification part PR9387.9 .V58F38 2021
Holdings
Withdrawn status Lost status Source of classification or shelving scheme Damaged status Not for loan Home library Current library Shelving location Date acquired Source of acquisition Cost, normal purchase price Total Checkouts Full call number Barcode Date last seen Price effective from Koha item type
          MACHAKOS UNIVERSITY LIBRARY MACHAKOS UNIVERSITY LIBRARY Africana 17/11/2025 Turaco 1750.00   PR9387.9 .V58 2021 40298 28/01/2026 22/01/2026 Africana (Books)
          MACHAKOS UNIVERSITY LIBRARY MACHAKOS UNIVERSITY LIBRARY Africana 17/11/2025 Turaco 1750.00   PR9387.9 .V58 2021 40299 28/01/2026 22/01/2026 Africana (Books)
© Machakos University Library, Along The Highway, Machakos Wote Rd, Machakos, Kenya P.O. Box 136 - 90100 Machakos - Kenya

Tel: ( +254 ) 723 805829 OR Fax : 044-20353 OR Email: library@mksu.ac.ke